| 000 | 00895nam a22002537a 4500 | ||
|---|---|---|---|
| 005 | 20160627195829.0 | ||
| 008 | 160506b xxu||||| |||| 00| 0 spa d | ||
| 022 | _a03793982 | ||
| 082 | _aTecnología en Marcha Vol 25, N° 5 2012 | ||
| 100 |
_aMonge González, Ricardo _97340 |
||
| 100 |
_aLeiva Bonilla, Juan Carlos _920 |
||
| 100 |
_aRodríguez Álvarez, Juan Antonio _99701 |
||
| 245 | _aInversión extranjera directa, movilidad laboral y derrames de conocimiento en Costa Rica | ||
| 260 |
_aCosta Rica _bEditorial Tecnológica de Costa Rica _c2012 |
||
| 300 | _apáginas 103-115 | ||
| 440 |
_aTecnología en Marcha _911794 |
||
| 650 |
_aDESEMPEÑO LABORAL _99703 |
||
| 650 |
_aINVERSIÓN EXTRANJERA _99704 |
||
| 650 |
_aMULTINACIONALES _99705 |
||
| 650 |
_aMOVILIDAD LABORAL _99706 |
||
| 650 |
_aDERRAMES DE CONOCIMIENTO _99707 |
||
| 650 |
_aZONAS FRANCAS _99708 |
||
| 942 | _cREV | ||
| 999 |
_c8072 _d8072 |
||